000 00311nam a2200133Ia 4500
008 191201s2010 xx 000 0 und d
100 _aSINGH, BD
245 0 _aCompensation and Reward Management
250 _a1st
260 _aN. Delhi
_bExcel Books
_c2010
300 _a383
650 _aMBA
942 _2ddc
_cBK
999 _c4754
_d4754